[Event "1994/95 Cepacol Australian Open"]
[Site "Kings Perth Hotel"]
[Date "1994.12.30"]
[Round "3"]
[White "Klimenko, Veronica"]
[Black "Scott, Kevin"]
[Result "1-0"]
[WhiteElo "1722"]
[BlackElo "1452"]

1.e4 e6 2.b3 d5 3.exd5 exd5 4.Bb2 Nf6 5.Nf3 Bd6 6.Be2 Bg4 7.O-O Nbd7 8.Re1
O-O 9.h3 Bxf3 10.Bxf3 c6 11.d3 Qc7 12.Nd2 Be5 13.c3 Rae8 14.Qc2 Re6 15.d4 
Bh2+ 16.Kh1 Rfe8 17.Rxe6 Rxe6 18.Nf1 Bf4 19.g3 Bd6 20.Kg2 Ne4 21.c4 Qd8 
22.Ne3 Qg5 23.h4 Qd8 24.cxd5 cxd5 25.Nxd5 Nef6 26.Rc1 Nxd5 27.Bxd5 Re8 28.
Bxb7 Nf6 29.Bf3 Qb6 30.Qf5 1-0

[Event "1994/95 Cepacol Australian Open"]
[Site "Kings Perth Hotel"]
[Date "1995.01.02"]
[Round "4"]
[White "Ninchich, Milan"]
[Black "Dinh Duc Trong"]
[Result "0-1"]
[WhiteElo "1563"]
[BlackElo "2200"]

1.e4 g6 2.d4 Bg7 3.Nf3 d6 4.c3 Nf6 5.Bd3 O-O 6.O-O Nbd7 7.Be3 e5 8.dxe5 
dxe5 9.Nbd2 Qe7 10.b4 b6 11.Qc2 Bb7 12.Bg5 h6 13.Bh4 Qe8 14.Nc4 Nh5 15.Ne3
Bf6 16.Ng4 Bxh4 17.Nxh4 Kg7 18.Qd2 Rh8 19.g3 Nhf6 20.f3 Rd8 21.Qe2 Qe7 22.
Ne3 Kh7 23.Rad1 Nb8 24.Bc4 Rhe8 25.Ng4 Nxg4 26.fxg4 f6 27.Rxd8 Rxd8 28.Qf3
Kg7 29.Qe3 Bc8 30.h3 Be6 31.Bxe6 Qxe6 32.Qe2 Qc6 33.Rc1 Rd4 34.cxd4 Qxc1+ 
35.Kh2 Nc6 36.Nf3 Nxd4 37.Nxd4 exd4 38.e5 Qe3 39.Qxe3 dxe3 40.exf6+ Kxf6 
41.Kg2 Ke5 42.Kf3 Kd4 43.Ke2 c5 0-1

[Event "1994/95 Cepacol Australian Open"]
[Site "Kings Perth Hotel"]
[Date "1995.01.02"]
[Round "4"]
[White "Wohl, Aleksandar H"]
[Black "Stannard, Vernon"]
[Result "1-0"]
[WhiteElo "2305"]
[BlackElo "1639"]

1.e4 e5 2.Nf3 Nf6 3.Nc3 Nc6 4.d4 exd4 5.Nxd4 d6 6.Be3 Be7 7.f3 a6 8.Nxc6 
bxc6 9.Qd2 Nd7 10.O-O-O a5 11.f4 Ba6 12.g4 Bxf1 13.Rhxf1 Qc8 14.g5 Qb7 15.
h4 a4 16.Bd4 Nb6 17.Qe2 O-O 18.f5 f6 19.gxf6 Bxf6 20.Bxf6 Rxf6 21.e5 dxe5 
22.Ne4 Rff8 23.Nc5 Qc8 24.Qxe5 Nd5 25.Ne6 1-0

[Event "1994/95 Cepacol Australian Open"]
[Site "Kings Perth Hotel"]
[Date "1995.01.02"]
[Round "4"]
[White "Teh, Eu-Jin"]
[Black "Byrne, Stewart"]
[Result "1/2-1/2"]
[WhiteElo "1862"]
[BlackElo "2175"]

1.e4 e5 2.Nf3 Nc6 3.Bc4 Bc5 4.c3 Nf6 5.d4 exd4 6.cxd4 Bb4+ 7.Nc3 Nxe4 8.
O-O Bxc3 9.d5 Ne5 10.bxc3 Nxc4 11.Qd4 f5 12.Qxc4 d6 13.Nd4 O-O 14.f3 Nc5 
15.Re1 Kh8 16.Ba3 b6 17.Bxc5 dxc5 18.Nc6 Qd6 19.Re2 a5 20.Qd3 Bd7 21.Ne5 
Rad8 22.Rd1 Ba4 23.Rdd2 c6 24.dxc6 Qxd3 25.Rxd3 Rxd3 26.Nxd3 Bxc6 27.Re6 
Bb5 28.Ne5 Rb8 29.c4 Be8 30.Rd6 Kg8 31.Nd7 Bxd7 32.Rxd7 b5 33.Ra7 bxc4 34.
Rxa5 c3 35.Rxc5 Rb1+ 36.Kf2 Rb2+ 37.Kg3 f4+ 38.Kxf4 Rxa2 39.Rxc3 Rxg2 40.
h4 Kf7 41.Rc5 Rh2 42.Kg4 Ke6 43.Ra5 Rd2 44.Ra6+ Ke5 45.Ra5+ Kd4 46.Ra7 
Rg2+ 47.Kf4 h6 48.Rd7+ 1/2-1/2

[Event "1994/95 Cepacol Australian Open"]
[Site "Kings Perth Hotel"]
[Date "1995.01.02"]
[Round "4"]
[White "Ellis, David"]
[Black "Lubtschenko, Wally"]
[Result "1-0"]
[WhiteElo "1943"]
[BlackElo "1672"]

1.d4 d5 2.e3 Nf6 3.Bd3 Bg4 4.f3 Bh5 5.Ne2 Nbd7 6.c4 c6 7.Nbc3 e6 8.b3 Be7 
9.Bb2 O-O 10.Nf4 Bd6 11.Nxh5 Nxh5 12.Qc2 Qh4+ 13.Kd2 g6 14.g3 Qe7 15.g4 
Ng7 16.h4 e5 17.Rae1 exd4 18.exd4 Bf4+ 19.Kd1 Qd6 20.Bc1 Bxc1 21.Kxc1 dxc4
22.Bxc4 Qxd4 23.h5 b5 24.Be2 Nb6 25.Rd1 Qb4 26.Ne4 c5 27.Qb2 Ne8 28.Nf6+ 
Nxf6 29.Qxf6 Rfc8 30.hxg6 fxg6 31.Rxh7 Kxh7 32.Rh1+ Kg8 33.Rh8# 1-0

[Event "1994/95 Cepacol Australian Open"]
[Site "Kings Perth Hotel"]
[Date "1995.01.02"]
[Round "4"]
[White "Hirschhorn, Jeremy"]
[Black "Dunlop, Gordon"]
[Result "0-1"]
[WhiteElo "1987"]
[BlackElo "1783"]

1.e4 c5 2.Nf3 d6 3.d4 cxd4 4.Nxd4 Nf6 5.Nc3 g6 6.Be3 Bg7 7.f3 O-O 8.Qd2 
Nc6 9.Bc4 Bd7 10.O-O-O Ne5 11.Bb3 Qa5 12.Kb1 Rfc8 13.g4 Nc4 14.Bxc4 Rxc4 
15.Nb3 Qc7 16.Bh6 Bh8 17.e5 Nxg4 18.Nd5 Qd8 19.exd6 Nxh6 20.Nxe7+ Kg7 21.
Qd5 Rac8 22.Nxc8 Qxc8 23.c3 Kg8 24.Rhe1 Nf5 25.Rd2 Bf6 26.Qa5 Rc6 27.Qxa7 
Nxd6 28.Red1 Bf5+ 29.Ka1 Nb5 30.Qa5 Nc7 31.Qb4 Na6 32.Qa5 Kg7 33.Nd4 Bxd4 
34.Rxd4 Rc5 35.Qb6 Qc6 36.Rd6 Qxb6 37.Rxb6 Rc7 38.Rd4 Nb8 39.Rdb4 Re7 40.
a4 Nc6 41.Rf4 Re1+ 42.Ka2 Be6+ 43.c4 g5 44.Re4 Rxe4 45.fxe4 Bxc4+ 46.b3 
Bd3 47.Rxb7 Bxe4 48.Rb5 f5 49.a5 g4 50.a6 Kg6 51.Kb2 h5 52.Rb7 h4 53.a7 
Nxa7 54.Rxa7 g3 55.h3 g2 56.Ra1 f4 0-1

[Event "1994/95 Cepacol Australian Open"]
[Site "Kings Perth Hotel"]
[Date "1995.01.02"]
[Round "4"]
[White "Harp, Joel"]
[Black "Hanks, John N"]
[Result "1-0"]
[WhiteElo "1723"]
[BlackElo "1903"]

1.d4 Nf6 2.c4 c6 3.Nc3 d5 4.Nf3 e6 5.Qb3 Be7 6.Bf4 dxc4 7.Qxc4 b5 8.Qb3 
Nbd7 9.h3 a6 10.Rd1 Bb7 11.e3 Qa5 12.Be2 c5 13.O-O Rc8 14.a3 O-O 15.Qa2 
Qb6 16.Qb1 b4 17.Na4 Qa5 18.Nxc5 Nxc5 19.axb4 Qxb4 20.dxc5 Bxc5 21.Ne5 
Rfd8 22.Nd3 Qb6 23.Nxc5 Rxc5 24.Rxd8+ Qxd8 25.Rd1 Rd5 26.Bf3 Rd7 27.Rxd7 
Qxd7 28.Bxb7 Qxb7 29.Qd3 Qc6 30.Qd8+ Ne8 31.Be5 h6 32.Bc3 f6 33.Qe7 Kh8 
34.Qf7 Kh7 35.h4 Kh8 36.h5 Kh7 37.Qg6+ Kg8 1-0

[Event "1994/95 Cepacol Australian Open"]
[Site "Kings Perth Hotel"]
[Date "1995.01.02"]
[Round "4"]
[White "Salter, Michael"]
[Black "Field, Jason"]
[Result "1/2-1/2"]
[WhiteElo "1883"]
[BlackElo "1786"]

1.e4 e6 2.d4 d5 3.Nd2 c5 4.exd5 exd5 5.Ngf3 a6 6.dxc5 Bxc5 7.Nb3 Be7 8.
Nfd4 Nf6 9.Be2 Nc6 10.Bf4 O-O 11.O-O Ne4 12.Bf3 Nxd4 13.Qxd4 Bf6 14.Be5 
Bxe5 15.Qxe5 Re8 16.Qd4 Be6 17.Rad1 Qc7 18.c3 Rad8 19.Rfe1 Bf5 20.h3 h6 
21.Qb4 b6 22.Nd4 Bg6 23.Ne2 b5 24.Nd4 Rb8 25.Nb3 Red8 26.Rd4 Qf4 27.Nc5 
Qh4 28.Bxe4 Bxe4 29.Nxe4 dxe4 30.Rdxe4 Qf6 31.Rf4 Qg5 32.Rd4 Rxd4 33.cxd4 
Qd5 34.b3 Rd8 35.Rd1 Rd6 36.f3 Rg6 37.Kf2 Qg5 38.g4 f5 39.d5 f4 40.d6 Qh4+
41.Ke2 Re6+ 42.Kd2 Qf2+ 43.Kc1 Qxa2 44.Qc3 1/2-1/2

[Event "1994/95 Cepacol Australian Open"]
[Site "Kings Perth Hotel"]
[Date "1995.01.02"]
[Round "4"]
[White "Meyer, Paul"]
[Black "Low, Sam"]
[Result "1/2-1/2"]
[WhiteElo "1805"]
[BlackElo "1852"]

1.d4 Nf6 2.c4 e6 3.a3 d5 4.e3 c5 5.dxc5 Bxc5 6.b4 Be7 7.Nf3 O-O 8.Be2 Qc7 
9.Qc2 b6 10.Bb2 Nbd7 11.Nbd2 Ba6 12.Qb3 Rac8 13.Rc1 Qb8 14.O-O Rc7 15.Rc2 
Rfc8 16.Rfc1 Bb7 17.Ne5 Bd6 18.Ndf3 Qa8 19.Nxd7 Nxd7 20.Qd3 Be7 21.cxd5 
Rxc2 22.Rxc2 Bxd5 23.Rxc8+ Qxc8 24.Qc3 Qxc3 25.Bxc3 Bf6 26.Bxf6 Nxf6 27.
Nd2 Kf8 28.f3 e5 29.e4 Be6 30.Kf2 Nd7 31.Ke3 Ke7 32.g3 Kd6 33.f4 f6 34.h4 
Kc6 35.f5 Bf7 36.g4 b5 37.Kd3 a6 38.Kc3 Nb6 39.g5 Kd6 40.gxf6 gxf6 41.Bd1 
Nc4 42.Nxc4+ Bxc4 43.Bb3 Bxb3 44.Kxb3 h5 45.a4 Kc6 1/2-1/2

[Event "1994/95 Cepacol Australian Open"]
[Site "Kings Perth Hotel"]
[Date "1995.01.02"]
[Round "4"]
[White "Suryadinata, Henry"]
[Black "Macey, Daniel"]
[Result "0-1"]
[WhiteElo "1833"]
[BlackElo "1586"]

1.c4 Nf6 2.g3 g6 3.Bg2 Bg7 4.Nc3 c6 5.e4 d6 6.Nge2 O-O 7.O-O Ng4 8.h3 Ne5 
9.d3 f5 10.f4 Nf7 11.Be3 e5 12.Qd2 Na6 13.Rad1 Qc7 14.d4 fxe4 15.Nxe4 Be6 
16.b3 d5 17.cxd5 cxd5 18.Rc1 Qd7 19.N4c3 e4 20.g4 b6 21.Ng3 Nd6 22.Rf2 Bf6
23.f5 gxf5 24.Bh6 Rf7 25.Rcf1 Bh4 26.Nce2 fxg4 27.Nh5 Rxf2 28.Rxf2 Bxf2+ 
29.Kxf2 Qf7+ 30.Nhf4 Nf5 31.Nxe6 Nxh6+ 32.N2f4 Re8 33.Ke1 Rxe6 34.Nxe6 
Qxe6 35.hxg4 Qd6 36.Qe3 Nf7 37.g5 Nb4 38.Qh3 Nd3+ 0-1

[Event "1994/95 Cepacol Australian Open"]
[Site "Kings Perth Hotel"]
[Date "1995.01.02"]
[Round "4"]
[White "Maris, Rob"]
[Black "Fitzpatrick, Simon"]
[Result "0-1"]
[WhiteElo "1821"]
[BlackElo "2020"]

1.d4 d5 2.c4 e6 3.Nc3 c5 4.cxd5 cxd4 5.Qa4+ Bd7 6.Qxd4 exd5 7.Qxd5 Nc6 8.
Nf3 Nf6 9.Qd1 Bc5 10.e3 Qe7 11.Be2 O-O-O 12.O-O g5 13.Nd4 Qe5 14.Nf3 Qf5 
15.Nd4 Qe5 16.Nf3 Qf5 17.Qd3 g4 18.Qxf5 Bxf5 19.Nh4 Be6 20.e4 Rhg8 21.Rd1 
Bd4 22.Nb5 Nxe4 23.Nxd4 Nxd4 24.Bd3 Nc5 25.Kh1 Nf3 26.gxf3 Nxd3 27.Be3 b6 
28.b3 gxf3 29.Rg1 f5 30.Rad1 Rxg1+ 31.Kxg1 f4 32.Bxf4 Nxf4 33.Rxd8+ Kxd8 
34.Nxf3 Ne2+ 35.Kf1 Nc1 36.Nd4 Kd7 0-1

[Event "1994/95 Cepacol Australian Open"]
[Site "Kings Perth Hotel"]
[Date "1995.01.02"]
[Round "4"]
[White "COMP Novag Diamond"]
[Black "Fletcher, Ted"]
[Result "1-0"]
[WhiteElo "2100"]
[BlackElo "1626"]

1.c4 Nf6 2.d4 e6 3.Nf3 b6 4.a3 Bb7 5.Nc3 Be7 6.Qd3 d5 7.cxd5 exd5 8.e3 O-O
9.Qc2 c5 10.Bd3 Nc6 11.O-O c4 12.Bf5 g6 13.Bh3 Bc8 14.Ne5 Nxe5 15.dxe5 Ng4
16.Rd1 Nxe5 17.Bxc8 Qxc8 18.Nxd5 Qb7 19.Qe4 Rad8 20.Qxe5 Rxd5 21.Qxd5 Qc7 
22.Bd2 Rd8 23.Qf3 a5 24.Bc3 1-0

[Event "1994/95 Cepacol Australian Open"]
[Site "Kings Perth Hotel"]
[Date "1995.01.02"]
[Round "4"]
[White "Lilly, Richard"]
[Black "Koshnitsky, Ngan"]
[Result "0-1"]
[WhiteElo "1830"]
[BlackElo "1948"]

1.d4 Nf6 2.c4 g6 3.Nc3 Bg7 4.e4 d6 5.Bd3 O-O 6.Nge2 e5 7.d5 Na6 8.f3 Nh5 
9.Be3 Nc5 10.b4 Nxd3+ 11.Qxd3 f5 12.c5 Nf4 13.Nxf4 exf4 14.Bd4 Qh4+ 15.Bf2
fxe4 16.Nxe4 Qe7 17.Bd4 Bf5 18.Bxg7 Qxg7 19.O-O Bxe4 20.Qxe4 Rae8 21.Qc4 
Re3 22.cxd6 cxd6 23.Rac1 Qe5 24.Rfd1 Re2 25.Qc3 Qg5 0-1

[Event "1994/95 Cepacol Australian Open"]
[Site "Kings Perth Hotel"]
[Date "1995.01.02"]
[Round "4"]
[White "Wastell, Gary"]
[Black "Pavlovic, Mick"]
[Result "1-0"]
[WhiteElo "1864"]
[BlackElo "1589"]

1.d4 Nf6 2.c4 g6 3.Nc3 Bg7 4.e4 d6 5.Nf3 O-O 6.Be2 Nc6 7.O-O e5 8.d5 Ne7 
9.b4 Nd7 10.Bd2 f5 11.Ng5 Nf6 12.c5 h6 13.Ne6 Bxe6 14.dxe6 fxe4 15.cxd6 
cxd6 16.Be3 d5 17.Bc5 b6 18.Bxe7 Qxe7 19.Nxd5 Nxd5 20.Qxd5 Rfd8 21.Qxe4 
Rac8 22.Rac1 Rxc1 23.Rxc1 g5 24.h3 Kf8 25.Qf5+ Qf6 26.Rc7 Kg8 27.e7 Re8 
28.Qd7 Qg6 29.Rc8 Qb1+ 30.Kh2 Rxc8 31.Qxc8+ Kh7 32.Bg4 1-0

[Event "1994/95 Cepacol Australian Open"]
[Site "Kings Perth Hotel"]
[Date "1995.01.02"]
[Round "4"]
[White "Haasse, Adam"]
[Black "Elkington, Derek"]
[Result "1-0"]
[WhiteElo "1659"]
[BlackElo "1507"]

1.e4 c5 2.Nf3 d6 3.d4 cxd4 4.Nxd4 Nf6 5.Nc3 e6 6.Be2 a6 7.O-O Be7 8.Be3 
O-O 9.Kh1 Qc7 10.a4 b6 11.f4 Bb7 12.Bd3 Nc6 13.Qe1 Rac8 14.Qg3 g6 15.Nf3 
Na5 16.Nd2 Rfd8 17.f5 e5 18.fxg6 fxg6 19.Qf2 Ng4 20.Qf7+ Kh8 21.Qe6 Nxe3 
22.Rf7 Rd7 23.Nd5 Bxd5 24.exd5 Rf8 25.Rxh7+ 1-0

[Event "1994/95 Cepacol Australian Open"]
[Site "Kings Perth Hotel"]
[Date "1995.01.02"]
[Round "4"]
[White "Pilgrim, Robert"]
[Black "Silas, Frank"]
[Result "1/2-1/2"]
[WhiteElo "1608"]
[BlackElo "1780"]

1.c4 e5 2.Nc3 Nf6 3.g3 Be7 4.Bg2 O-O 5.b3 d6 6.Bb2 Nc6 7.e3 Bg4 8.Nge2 Re8
9.f3 Bh5 10.O-O Bf8 11.Ne4 Nxe4 12.fxe4 Nb4 13.d4 c5 14.a3 Nc6 15.d5 Na5 
16.Bf3 Bxf3 17.Rxf3 Qb6 18.Bc3 Qc7 19.Rb1 b6 20.Qf1 Nb7 21.Qh3 a5 22.a4 
Nd8 23.Qg4 Kh8 24.h4 f6 25.Kg2 Nf7 26.Ng1 Nh6 27.Qh3 Qc8 28.Qxc8 Raxc8 29.
Kh3 Be7 30.Rbf1 Rf8 31.Ne2 Nf7 32.g4 g6 33.g5 h6 34.gxf6 Bd8 35.Ng3 Kh7 
36.Be1 h5 37.Kg2 Nh6 38.Nh1 Ng4 39.f7 Kg7 40.Nf2 Nxf2 41.Bxf2 Rxf7 42.
Rxf7+ Kxf7 43.Kh3 Kg7 44.Be1 Be7 45.Kg3 g5 46.hxg5 Bxg5 47.Rf3 Kg6 48.Kh3 
Rg8 49.Bf2 Ra8 50.Be1 Bf6 51.Rg3+ Kf7 52.Rf3 Rg8 53.Bh4 Rg6 54.Rf5 Kg7 55.
Rxh5 1/2-1/2

[Event "1994/95 Cepacol Australian Open"]
[Site "Kings Perth Hotel"]
[Date "1995.01.02"]
[Round "4"]
[White "Shaw, Robin"]
[Black "Paxman, Jonathan"]
[Result "1-0"]
[WhiteElo "1725"]
[BlackElo "1612"]

1.e4 c5 2.d4 cxd4 3.c3 dxc3 4.Nxc3 d6 5.Bc4 Nc6 6.Nf3 Nf6 7.e5 dxe5 8.
Qxd8+ Nxd8 9.Nb5 Nc6 10.Nc7+ Kd8 11.Nxa8 e6 12.Ng5 Bb4+ 13.Bd2 Bxd2+ 14.
Kxd2 Ke7 15.Nc7 Rd8+ 16.Ke1 Nd4 17.Rc1 a6 18.f3 Bd7 19.Kf2 Rc8 20.Nxa6 
bxa6 21.Bxa6 Ra8 22.Bc4 Ba4 23.Rhe1 h6 24.Ne4 Nc2 25.Re2 Nd4 26.Ree1 Nc2 
27.Re2 Nd4 28.Rd2 Rc8 29.Nxf6 Kxf6 30.f4 Nf5 31.b3 Bb5 32.fxe5+ Kg6 33.g4 
Ne7 34.Bd3+ 1-0

[Event "1994/95 Cepacol Australian Open"]
[Site "Kings Perth Hotel"]
[Date "1995.01.02"]
[Round "4"]
[White "Fonteneau, Andrew"]
[Black "Dwyer, Daniel"]
[Result "0-1"]
[WhiteElo "1482"]
[BlackElo "1718"]

1.e4 c5 2.Nf3 d6 3.d4 cxd4 4.Nxd4 Nf6 5.Nc3 e6 6.Be3 Be7 7.f3 Nc6 8.Qd2 a6
9.O-O-O O-O 10.g4 Nxd4 11.Bxd4 Ne8 12.Be3 b5 13.g5 g6 14.h4 Ng7 15.Bf4 b4 
16.Ne2 e5 17.Be3 Rb8 18.Ng3 Be6 19.b3 f5 20.exf5 Nxf5 21.Nxf5 Bxf5 22.Bh3 
Qc8 23.Qg2 Qc3 24.Qe2 Bxc2 25.Qxc2 Qxe3+ 26.Kb1 Qxf3 27.Be6+ Kg7 28.Qc7 
Qb7 29.Rc1 Rf2 30.Qxb7 Rxb7 31.Rc8 Rf8 32.Rhc1 Bd8 33.Ra8 Bb6 34.Rxa6 Bc5 
35.Bd5 Re7 36.Ra8 Rxa8 37.Bxa8 Rf7 38.Bd5 Rf4 39.Rc4 Rxc4 40.bxc4 Bf2 41.
Kb2 Bxh4 42.a4 bxa3+ 43.Kxa3 Bxg5 44.Kb3 Kf6 45.Kc3 Kf5 46.Kd3 h5 47.Ke2 
e4 48.Kf1 Be3 49.Kg2 g5 0-1

[Event "1994/95 Cepacol Australian Open"]
[Site "Kings Perth Hotel"]
[Date "1995.01.02"]
[Round "4"]
[White "Klugman, Matthew"]
[Black "Tindall, Brett"]
[Result "1-0"]
[WhiteElo "1626"]
[BlackElo "1851"]

1.e4 c5 2.d4 cxd4 3.c3 d3 4.Bxd3 Nc6 5.c4 Nf6 6.Nc3 d6 7.Nf3 g6 8.h3 Bg7 
9.Be3 O-O 10.O-O Nd7 11.Qe2 Nc5 12.Rad1 Be6 13.Bb1 Qc8 14.Nd4 f5 15.exf5 
gxf5 16.Nd5 Bxd5 17.cxd5 Ne5 18.Qh5 Ne4 19.Ne6 Qe8 20.Qxe8 Raxe8 21.Nxf8 
Rxf8 22.Rfe1 Nc4 23.Bxa7 Nxb2 24.Rc1 Nc3 25.Rxe7 Nxd5 26.Rxg7+ Kxg7 27.
Bd4+ 1-0

[Event "1994/95 Cepacol Australian Open"]
[Site "Kings Perth Hotel"]
[Date "1995.01.02"]
[Round "4"]
[White "Andrews, Charlie"]
[Black "Klimenko, Veronica"]
[Result "1/2-1/2"]
[WhiteElo "1577"]
[BlackElo "1722"]

1.e4 e6 2.g3 b6 3.Bg2 Bb7 4.Nc3 c5 5.d3 g6 6.Nf3 Bg7 7.Bg5 Ne7 8.O-O O-O 
9.Nb5 d6 10.c3 a6 11.Na3 Nbc6 12.Re1 b5 13.Nc2 h6 14.Be3 Qc7 15.Qd2 Kh7 
16.h3 f5 17.Nh2 e5 18.f4 Rad8 19.g4 fxg4 20.hxg4 exf4 21.Bxf4 g5 22.Be3 
Ng6 23.Nf3 Nf4 24.Rf1 Bc8 25.Nh2 Nxg2 26.Qxg2 Ne5 27.d4 Ng6 28.Rxf8 Rxf8 
29.Rf1 Bb7 30.Rxf8 Bxf8 31.d5 Bc8 32.Qg3 Qe7 33.Qg2 Ne5 34.Bd2 Nc4 35.Bc1 
Bg7 36.Ne3 Nxe3 37.Bxe3 Bd7 38.Nf1 Be5 39.Bd2 Qf6 40.Ne3 Bf4 41.Nf5 Bxd2 
42.Qxd2 Bxf5 43.exf5 Qe5 44.Qg2 Kg7 1/2-1/2

[Event "1994/95 Cepacol Australian Open"]
[Site "Kings Perth Hotel"]
[Date "1995.01.02"]
[Round "4"]
[White "Fraser, Lee"]
[Black "Kueh, Michael"]
[Result "1/2-1/2"]
[WhiteElo "1428"]
[BlackElo "1677"]

1.f4 g6 2.Nf3 Bg7 3.e3 b6 4.Bb5 Bb7 5.Nc3 a6 6.Bd3 d5 7.b3 Nd7 8.Bb2 e6 9.
h4 e5 10.fxe5 Nxe5 11.Nxe5 Bxe5 12.Qf3 Qd7 13.h5 O-O-O 14.O-O-O f5 15.Qe2 
b5 16.Rdg1 Nf6 17.hxg6 hxg6 18.Qe1 Ne4 19.Ne2 Bxb2+ 20.Kxb2 Qg7+ 21.Kb1 
Rhe8 22.Bxe4 Rxe4 23.Nd4 f4 24.Qh4 Rde8 25.Qh3+ Kb8 26.Re1 Qe7 27.Qh6 fxe3
28.Rxe3 Rxe3 29.dxe3 Qxe3 30.Qxg6 Qe4 31.Nc6+ Bxc6 32.Qxc6 Qe6 33.Qxe6 
Rxe6 34.g4 Rg6 35.Rg1 c5 36.c3 Kc7 37.Kc2 Kd6 38.Kd3 Ke5 39.Ke3 a5 40.a3 
Re6 41.Kf3 Rf6+ 42.Kg3 d4 43.Re1+ Kd5 44.cxd4 cxd4 45.g5 Rg6 46.Kf4 d3 47.
Ke3 Rxg5 48.Kxd3 Rg3+ 1/2-1/2

[Event "1994/95 Cepacol Australian Open"]
[Site "Kings Perth Hotel"]
[Date "1995.01.02"]
[Round "4"]
[White "Saffen, Jack"]
[Black "Laugery, Bernard"]
[Result "1-0"]
[WhiteElo "1530"]
[BlackElo "1273"]

1.e4 e6 2.d4 d5 3.Nc3 Bb4 4.e5 c5 5.a3 Bxc3+ 6.bxc3 Qc7 7.f4 cxd4 8.cxd4 
Qc3+ 9.Bd2 Qxd4 10.Nf3 Qb6 11.Rb1 Qc7 12.Nd4 a6 13.Qg4 f5 14.Qh5+ g6 15.
Qd1 Qc5 16.Bb4 Qc7 17.c4 dxc4 18.Bxc4 Qxc4 19.Rc1 Qd5 20.Rxc8+ Kd7 21.Rd8+
Kc7 22.Rxd5 exd5 23.Ne6+ Kc6 24.Nd8+ 1-0

[Event "1994/95 Cepacol Australian Open"]
[Site "Kings Perth Hotel"]
[Date "1995.01.03"]
[Round "5"]
[White "Koshnitsky, Ngan"]
[Black "Dinh Duc Trong"]
[Result "1/2-1/2"]
[WhiteElo "1948"]
[BlackElo "2200"]

1.d4 g6 2.Nf3 Bg7 3.g3 d6 4.Bg2 Nd7 5.c4 e5 6.Nc3 Nh6 7.O-O O-O 8.dxe5 
dxe5 9.Bg5 f6 10.Bxh6 Bxh6 11.Qd5+ Rf7 12.Bh3 c6 13.Qd6 Bf8 14.Qd2 Qe7 
1/2-1/2

[Event "1994/95 Cepacol Australian Open"]
[Site "Kings Perth Hotel"]
[Date "1995.01.03"]
[Round "5"]
[White "Dwyer, Daniel"]
[Black "Wohl, Aleksandar H"]
[Result "0-1"]
[WhiteElo "1718"]
[BlackElo "2305"]

1.c4 e5 2.Nc3 Nc6 3.g3 f5 4.d3 Nf6 5.Bg2 Bc5 6.h3 O-O 7.Nf3 d6 8.O-O Qe8 
9.Nd5 Nxd5 10.cxd5 Nd8 11.d4 Bb6 12.e3 Bd7 13.dxe5 dxe5 14.Bd2 e4 15.Nh2 
Nf7 16.Bb4 Nd6 17.a4 a5 18.Bxd6 cxd6 19.b3 Qe5 20.Qd2 Bc5 21.Rfd1 g5 22.
Rac1 Rfc8 23.Bf1 b6 24.Kg2 Be8 25.Bc4 Ra7 26.Qc3 Qe7 27.Qb2 Bg6 28.Nf1 Rf8
29.Rc2 Rf6 30.Be2 Qf8 31.f4 exf3+ 32.Bxf3 f4 33.e4 fxg3 34.Qc3 Raf7 35.Nd2
Rxf3 36.Nxf3 Bxe4 37.Rf1 Bf2 38.Rfxf2 gxf2 39.Rxf2 Rxf3 40.Rxf3 Qxf3+ 41.
Qxf3 Bxf3+ 42.Kxf3 Kf7 43.Ke3 h5 0-1

[Event "1994/95 Cepacol Australian Open"]
[Site "Kings Perth Hotel"]
[Date "1995.01.03"]
[Round "5"]
[White "Byrne, Stewart"]
[Black "Shaw, Robin"]
[Result "1-0"]
[WhiteElo "2175"]
[BlackElo "1725"]

1.d4 f5 2.Nc3 Nf6 3.Bg5 e6 4.e4 fxe4 5.Nxe4 Be7 6.Bxf6 Bxf6 7.Nf3 d6 8.c3 
Bd7 9.Bd3 Nc6 10.Qc2 e5 11.d5 Ne7 12.Nxf6+ gxf6 13.Bxh7 f5 14.Ng5 Rxh7 15.
Nxh7 Nxd5 16.O-O-O Qe7 17.Rxd5 Qxh7 18.f4 Qh6 19.Qd2 e4 20.Kb1 Be6 21.Rd4 
O-O-O 22.Qe3 Bd7 23.Rdd1 Kb8 24.h3 Rf8 25.g4 Qf6 26.g5 Qg6 27.h4 Rh8 28.
Qd4 Rh7 29.Rdg1 c5 30.Qf6 Qxf6 31.gxf6 Rf7 32.Rg7 Rxg7 33.fxg7 Be6 34.h5 
Bg8 35.h6 Bh7 36.Rg1 Bg8 37.Rg6 Kc7 38.Rf6 Kd7 39.Rf8 1-0

[Event "1994/95 Cepacol Australian Open"]
[Site "Kings Perth Hotel"]
[Date "1995.01.03"]
[Round "5"]
[White "Van Rooy, Andrew"]
[Black "Ellis, David"]
[Result "1-0"]
[WhiteElo "1676"]
[BlackElo "1943"]

1.Nf3 g6 2.g3 Bg7 3.Bg2 e5 4.d3 Nc6 5.c4 d6 6.Nc3 Nge7 7.Rb1 O-O 8.b4 f5 
9.Qb3 Nd4 10.Nxd4 exd4 11.c5+ Kh8 12.cxd6 dxc3 13.dxe7 Qxe7 14.Be3 Re8 15.
O-O Be6 16.Qc2 c6 17.d4 f4 18.gxf4 Bf5 19.Qxc3 Bxb1 20.Rxb1 Qe6 21.Rb2 a6 
22.Bf3 Rad8 23.a4 Qf5 24.Kg2 Rd6 25.h3 h5 26.b5 cxb5 27.axb5 Rc8 28.Qa3 
Rb6 29.bxa6 Rxb2 30.a7 Qc2 31.a8=Q Rxa8 32.Qxa8+ Kh7 33.d5 Qd1 34.Be4 Qxe2
35.Qe8 Qa6 36.f5 Rb6 37.Bxb6 Qxb6 38.fxg6+ Kh6 39.Qg8 Qf6 40.Qe6 Qg5+ 41.
Kf3 Be5 42.Qf7 Qh4 43.Qf8+ Kg5 44.Qf5+ Kh6 45.Qxe5 Qxh3+ 46.Qg3 Qh1+ 47.
Kf4 Qc1+ 48.Qe3 Qg1 49.d6 Qg4+ 50.Ke5+ Kg7 51.Qf4 Qc8 52.Qf6+ 1-0

[Event "1994/95 Cepacol Australian Open"]
[Site "Kings Perth Hotel"]
[Date "1995.01.03"]
[Round "5"]
[White "Macey, Daniel"]
[Black "Teh, Eu-Jin"]
[Result "1-0"]
[WhiteElo "1586"]
[BlackElo "1862"]

1.d4 Nf6 2.Nf3 e6 3.c4 b6 4.Bg5 Bb7 5.a3 Be7 6.Nc3 d5 7.e3 O-O 8.cxd5 Nxd5
9.Nxd5 Bxg5 10.Nxg5 Qxd5 11.Nf3 Nd7 12.Be2 Rac8 13.b4 g5 14.O-O f5 15.Rc1 
g4 16.Nh4 Rf6 17.Bc4 Qd6 18.Qb3 Rh6 19.g3 Rf8 20.Rfd1 a6 21.a4 Rff6 22.b5 
a5 23.Bd3 Nf8 24.Qc4 Rh5 25.Qxc7 Qd5 26.f3 Ng6 27.Bc4 1-0

[Event "1994/95 Cepacol Australian Open"]
[Site "Kings Perth Hotel"]
[Date "1995.01.03"]
[Round "5"]
[White "Pavlovic, Mick"]
[Black "Hirschhorn, Jeremy"]
[Result "1/2-1/2"]
[WhiteElo "1589"]
[BlackElo "1987"]

1.e4 c5 2.Nf3 Nc6 3.c4 g6 4.Nc3 Bg7 5.d3 d6 6.Be3 Nd4 7.h3 e5 8.Nd5 Be6 9.
Ng5 Bd7 10.Nf3 Bc6 11.Nxd4 cxd4 12.Bd2 Ne7 13.Be2 O-O 14.O-O f5 15.Bg5 
Bxd5 16.cxd5 h6 17.Bd2 Qb6 18.b4 Kh7 19.Rc1 Rfc8 20.Qb3 Bf6 21.a4 Qd8 22.
b5 Ng8 23.a5 Bg5 24.Bxg5 Qxg5 25.Rc4 Qd2 26.Rfc1 Qxc1+ 27.Rxc1 Rxc1+ 28.
Kh2 Rac8 29.Qb4 R8c5 30.b6 a6 31.Qa4 Nf6 32.f4 Rc8 33.fxe5 dxe5 34.Qb4 
R1c5 35.d6 Kg7 36.exf5 gxf5 37.Bf3 e4 38.dxe4 fxe4 39.Bxe4 Nxe4 40.Qxd4+ 
Nf6 41.d7 Rd8 42.Qxc5 Rxd7 43.Qe5 Kf7 44.Qf5 Rd5 45.Qc8 Rd7 46.h4 h5 
1/2-1/2

[Event "1994/95 Cepacol Australian Open"]
[Site "Kings Perth Hotel"]
[Date "1995.01.03"]
[Round "5"]
[White "Hanks, John N"]
[Black "Baumgartner, Robert"]
[Result "1-0"]
[WhiteElo "1903"]
[BlackElo "1657"]

1.d4 Nf6 2.c4 e5 3.dxe5 Ng4 4.Bf4 Bb4+ 5.Nd2 Nc6 6.Nf3 Qe7 7.e3 Ngxe5 8.
Nxe5 Nxe5 9.Be2 O-O 10.O-O d6 11.Nb3 b6 12.a3 Bc5 13.Nxc5 bxc5 14.b4 Nd7 
15.Bf3 Rb8 16.Qa4 Bb7 17.Qxa7 Bxf3 18.gxf3 Ne5 19.Bxe5 Qxe5 20.Qxc7 cxb4 
21.axb4 Rfc8 22.Qa5 Rxc4 23.Qxe5 dxe5 24.Rfb1 f6 25.b5 Rc5 26.b6 Rcc8 27.
Ra7 h6 28.Kg2 Kh7 29.Rc7 Rxc7 30.bxc7 Rc8 31.Rc1 Kg6 32.Kg3 Kf5 33.Rc6 Kg5
34.e4 g6 35.h4+ Kh5 36.f4 exf4+ 37.Kxf4 Kxh4 38.Rxf6 Rxc7 39.Rxg6 Rf7+ 40.
Ke3 Kh5 41.Rg1 Ra7 42.e5 Ra4 43.f4 Ra5 44.Ke4 1-0

[Event "1994/95 Cepacol Australian Open"]
[Site "Kings Perth Hotel"]
[Date "1995.01.03"]
[Round "5"]
[White "Klugman, Matthew"]
[Black "Salter, Michael"]
[Result "0-1"]
[WhiteElo "1626"]
[BlackElo "1883"]

1.e4 c5 2.d4 cxd4 3.c3 dxc3 4.Nxc3 Nc6 5.Nf3 e6 6.Bc4 Qc7 7.O-O Nf6 8.Bg5 
a6 9.Rc1 Bd6 10.Bxf6 gxf6 11.Ne2 b5 12.Bb3 Bb7 13.Qd3 Ke7 14.Nc3 Bf4 15.
Rce1 Ne5 16.Nxe5 Bxe5 17.g3 Bxc3 18.bxc3 Rac8 19.Re3 Qc5 20.Rd1 Rc7 21.f4 
Rhc8 22.Kf1 a5 23.e5 f5 24.g4 a4 25.Bc2 Qc4 26.gxf5 exf5 27.Kf2 Qxf4+ 28.
Ke1 Qh4+ 29.Kf1 Qc4 30.Kf2 Qxd3 31.Bxd3 f4 32.Rh3 Rxc3 33.Rxh7 Rxd3 34.
Rxd3 Be4 35.Rhh3 Bxd3 36.Rxd3 Rc2+ 37.Kf3 Rxh2 38.Rd5 b4 39.Rb5 Rb2 40.
Kxf4 f6 41.exf6+ Kxf6 42.Rb6+ Ke7 43.Ke4 Kd8 44.Kd4 Kc7 45.Rb5 Kc6 46.Rb8 
Rd2+ 47.Ke3 Rb2 48.Kd4 a3 49.Kd3 Rb1 50.Ra8 Rh1 51.Rb8 b3 0-1

[Event "1994/95 Cepacol Australian Open"]
[Site "Kings Perth Hotel"]
[Date "1995.01.03"]
[Round "5"]
[White "Low, Sam"]
[Black "Dunlop, Gordon"]
[Result "1-0"]
[WhiteElo "1852"]
[BlackElo "1783"]
[EventDate "1994.12.28"]
[PlyCount "111"]

1.e4 c5 2.Nf3 d6 3.d4 cxd4 4.Nxd4 Nf6 5.Nc3 g6 6.Be3 Bg7 7.f3 O-O 8.Qd2 
Nc6 9.Bc4 Bd7 10.O-O-O Ne5 11.Bb3 Qa5 12.h4 Rfc8 13.g4 Nc4 14.Bxc4 Rxc4 
15.h5 Rac8 16.Nb3 Qc7 17.hxg6 hxg6 18.Bh6 Rxc3 19.Qxc3 Qxc3 20.bxc3 Bxh6+ 
21.Rxh6 Nh5 22.e5 Kg7 23.g5 Rxc3 24.exd6 exd6 25.Rxd6 Bc6 26.Rd8 f6 27.
Rhh8 fxg5 28.Nd4 Nf6 29.Ne6+ Kf7 30.Nxg5+ Ke7 31.Rd3 Rc5 32.Re3+ Kd7 33.
Rd8+ Kxd8 34.Ne6+ Ke7 35.Nxc5+ Kd6 36.Re6+ Kxc5 37.Rxf6 Kd4 38.Kd2 Ke5 39.
Rf8 a6 40.Ke3 Ke6 41.Kd4 Ke7 42.Rf4 g5 43.Rf5 Ke6 44.Rxg5 Bxf3 45.Kc5 Be4 
46.c3 Kd7 47.Kb6 Kd6 48.Rg7 Bd5 49.a4 Bc6 50.a5 Kd5 51.Rxb7 Bxb7 52.Kxb7 
Kc5 53.Kxa6 Kc6 54.c4 Kc7 55.Kb5 Kb7 56.c5 1-0